Katolsk årsskrift. (Record no. 1626)

MARC details
000 -LEADER
fixed length control field 01070cas a2200361 4500
001 - CONTROL NUMBER
control field data
005 - DATE AND TIME OF LATEST TRANSACTION
control field 20260322212109.0
008 - FIXED-LENGTH DATA ELEMENTS--GENERAL INFORMATION
fixed length control field data
035 ## - SYSTEM CONTROL NUMBER
System control number 11213858
010 ## - LIBRARY OF CONGRESS CONTROL NUMBER
LC control number 77649214
035 ## - SYSTEM CONTROL NUMBER
System control number (OCoLC)2962428
037 ## - SOURCE OF ACQUISITION
Source of stock number/acquisition Högbergsgatan 67, 116 20
040 ## - CATALOGING SOURCE
Original cataloging agency DLC
Language of cataloging eng
Transcribing agency DLC
Modifying agency OCLCQ
-- HLS
-- OCLCO
-- OCLCQ
-- OCLCF
-- OCLCQ
042 ## - AUTHENTICATION CODE
Authentication code pcc
050 00 - LIBRARY OF CONGRESS CALL NUMBER
Classification number BR50
Item number .K36
245 00 - TITLE STATEMENT
Title Katolsk årsskrift.
260 ## - PUBLICATION, DISTRIBUTION, ETC.
Place of publication, distribution, etc. Stockholm [Sweden]
Name of publisher, distributor, etc. Katolska teologföreningen.
300 ## - PHYSICAL DESCRIPTION
Extent volumes
Dimensions 21 cm
336 ## - CONTENT TYPE
Content type term text
Content type code txt
Source rdacontent
337 ## - MEDIA TYPE
Media type term unmediated
Media type code n
Source rdamedia
338 ## - CARRIER TYPE
Carrier type term volume
Carrier type code nc
Source rdacarrier
362 0# - DATES OF PUBLICATION AND/OR SEQUENTIAL DESIGNATION
Dates of publication and/or sequential designation -90.
590 ## - LOCAL NOTE (RLIN)
Local note SERBIB/SERLOC merged record
650 #0 - SUBJECT ADDED ENTRY--TOPICAL TERM
Topical term or geographic name entry element Theology.
650 #7 - SUBJECT ADDED ENTRY--TOPICAL TERM
Topical term or geographic name entry element Theology.
Source of heading or term fast
Authority record control number or standard number (OCoLC)fst01149559
710 2# - ADDED ENTRY--CORPORATE NAME
Corporate name or jurisdiction name as entry element Katolska teologföreningen.
890 ## -
-- Katolsk årsskrift. (Katolska teologföreningen) Stockholm [Sweden]
-- 77-649214
906 ## - LOCAL DATA ELEMENT F, LDF (RLIN)
a 7
b cbc
c serials
d 4
e ncip
f 19
g n-oclcserc
920 ## -
-- Keep 1
991 ## -
-- c-GenColl
-- BR50
-- .K36
-- SERIALS
992 ## -
-- B/L
-- SERLOC
Holdings
Withdrawn status Lost status Damaged status Not for loan Home library Current library Shelving location Date acquired Total checkouts Full call number Barcode Date last seen Price effective from Koha item type
        Institut Protestant de Théologie Institut Protestant de Théologie General stacks 22/03/2026   BR50 LOC-IPT-00017 22/03/2026 22/03/2026 Books